000 00364 a2200157 4500
001 48448
020 _a9788526008502
040 _cAnchieta - Bela Vista
100 _aSandroni, Paula
240 1 0 _aMinha avó já foi bebê!
_lpor
245 1 0 _aMinha avó já foi bebê!
300 _a13
362 0 _a2002
650 4 _aLiteratura infanto-juvenil
942 _cBK
999 _c48448
_d48448